01400cam a2200349 a 450000100100000000500170001000800410002702000150006803500190008304000300010208200170013224501320014926000360028130000330031749000140035050400530036465000320041765000340044965000480048365000310053165000350056265000210059770000300061870000360064870000360068483000230072091000340074304900090077795201210078695201260090799900170103300001103420200929162338.0850826s1985 nyua b 000 0 eng c a0881671401 a(DLC) 85019314 aDO-SdBNPbspacBNPHUdDLC a572.8bM718b00aMolecular biology of aging :bgene stability and gene expression /ceditores R.S. Sohal, Linda S. Birnbaum y Richard G. Cutler. aNew York :bRaven Press,c1985. axiv, 351 p. :bil. ;c25 cm.1 aAgingv29 aIncluye referencias bibliográficas y índice. 4aBiología molecular926476 4aEnvejecimiento celular926477 4aEnvejecimientoxAspectos genéticos926478 4aExpresión del gen926479 4aRegulación genética926480 4aCélulas9264811 aSohal, R. S.,eed.9264821 aBirnbaum, Linda S.,eed.9264831 aCutler, Richard G.,eed.926484 0aAging ;v29926485 aCatalogación por copia / LC aBNGR 001052708MOaGRbGRcCTd2009-10-13iLF1l0o572.8 M718bp11034-10r2020-06-25w2020-06-25y2ZPréstamo interno 001053728MOaGRbGRcCTd2009-10-13iLF1l0o572.8 M718bp11034-20r2020-06-25te.2w2020-06-25y2ZPréstamo interno c10770d10770